|
|
|
|
| LEADER |
01298nam a2200397 a 4500 |
| 001 |
000698665 |
| 003 |
CZ BrMZK |
| 005 |
20181213074150.0 |
| 007 |
ta |
| 008 |
031202s1998 xr g f 000 0 cze d |
| 015 |
|
|
|a cnb000366287
|
| 020 |
|
|
|a 80-85840-24-3
|q (váz.) :
|c Kč 120,00
|
| 035 |
|
|
|a (OCoLC)84951685
|
| 040 |
|
|
|a ABA001
|b cze
|d BOA001
|
| 041 |
0 |
|
|a cze
|a scr
|
| 080 |
|
|
|a 811.163.42
|2 MRF
|
| 080 |
|
|
|a 811.162.3
|2 MRF
|
| 080 |
|
|
|a 81'24
|2 MRF
|
| 080 |
|
|
|a 81'373
|2 MRF
|
| 080 |
|
|
|a (035)
|2 MRF
|
| 100 |
1 |
|
|a Modlík, Tomáš
|7 jx20040726052
|4 aut
|
| 245 |
1 |
0 |
|a Chorvatština - praktický jazykový průvodce /
|c [český text Tomáš Modlík a kolektiv] ; odborný překlad Jana Jančulovová
|
| 250 |
|
|
|a Vyd. 1.
|
| 260 |
|
|
|a Bučovice :
|b RO-TO-M,
|c 1998
|
| 300 |
|
|
|a 318 s. ;
|c 15 cm
|
| 490 |
1 |
|
|a Jazyky
|
| 650 |
0 |
7 |
|a chorvatština
|7 ph114246
|2 czenas
|
| 650 |
0 |
7 |
|a čeština
|7 ph135292
|2 czenas
|
| 650 |
0 |
7 |
|a konverzace
|7 ph166079
|2 czenas
|
| 650 |
0 |
7 |
|a slovní zásoba
|7 ph166083
|2 czenas
|
| 655 |
|
7 |
|a příručky
|7 fd133209
|2 czenas
|
| 700 |
1 |
|
|a Jančulovová, Jana
|7 xx0090984
|4 trl
|
| 830 |
|
0 |
|a Jazyky (RO-TO-M)
|0 s
|
| 910 |
|
|
|a BOA001
|b 1-1126.257
|
| 990 |
|
|
|a BK
|
| 996 |
6 |
|
|b 2610203376
|c 1-1126.257
|l MZK
|r Sklad / do 1 hodiny
|n 4
|p p.v.
|w 000698665
|u 000010
|a 1
|e BOA001
|j MZK50
|s P
|